00350nam a2200121Ia 450000500170000000800410001708200160005810000240007424500310009826000420012930000090017165000480018020240821151749.0240821s9999||||xx |||||||||||||| ||und|| a759.954 HAL aHaldar, Aseet Kumar 0aBharatiya chitrakala (HIN) aAllahabadbChandrolok Prakashanc1959 a60p. aArts, Crafts, Music, Sports And Recreations